[Event "Niederbayern-ch Seniors 44th"]
[Site "Untergriesbach"]
[Date "2003.??.??"]
[Round "6"]
[White "Fischer, Semen"]
[Black "Schmitz, Wilfried"]
[Result "1/2-1/2"]
[WhiteElo "1594"]
[BlackElo "1427"]
[PlyCount "83"]
[EventDate "2003.04.16"]
[EventType "swiss"]
[EventRounds "7"]
[EventCountry "GER"]
[SourceTitle "EXT 2008"]
[Source "ChessBase"]
[SourceDate "2007.11.25"]
[SourceVersion "1"]
[SourceVersionDate "2007.11.25"]
[SourceQuality "1"]

1. e4 c5 2. f4 e6 3. Nf3 Nc6 4. d4 cxd4 5. Nxd4 Be7 6. Bc4 d6 7. Be3 a6 8. 0-0 Nf6 9. Nc3 b5 10. Bb3 Bb7 11. e5 dxe5 12. Nxc6 Bxc6 13. fxe5 Nd5 14. Qf3 0-0 15. Rad1 Qc7 16. Nxd5 exd5 17. Qg3 f6 18. Bf4 Qb6+ 19. Kh1 Rad8 20. Bh6 g6 21. Bxf8 Rxf8 22. Bxd5+ Bxd5 23. Rxd5 Qc6 24. Qb3 Kh8 25. Rd3 Qe4 26. Qd5 Qe2 27. Rdf3 f5 28. R3f2 Qe3 29. g4 f4 30. Rf3 Qe2 31. R1f2 Qe1+ 32. Kg2 h6 33. Qd4 g5 34. Qc3 Qe4 35. Rd2 b4 36. Qd4 Qe1 37. Qd3 Rd8 38. Qxd8+ Bxd8 39. Rxd8+ Kh7 40. h3 Qe2+ 41. Rf2 Qxe5 42. Rf3 1/2-1/2

[Event "Niederbayern-ch Seniors 44th"]
[Site "Untergriesbach"]
[Date "2003.??.??"]
[Round "7"]
[White "Lang, Alfred"]
[Black "Schmitz, Wilfried"]
[Result "0-1"]
[WhiteElo "1451"]
[BlackElo "1427"]
[PlyCount "95"]
[EventDate "2003.04.16"]
[EventType "swiss"]
[EventRounds "7"]
[EventCountry "GER"]
[SourceTitle "EXT 2008"]
[Source "ChessBase"]
[SourceDate "2007.11.25"]
[SourceVersion "1"]
[SourceVersionDate "2007.11.25"]
[SourceQuality "1"]

1. d4 d5 2. Bf4 e6 3. Nf3 Nf6 4. h3 h6 5. Nbd2 Nbd7 6. e3 Be7 7. c4 0-0 8. c5 c6 9. Bd3 b6 10. b4 Bb7 11. 0-0 a5 12. a3 Ba6 13. Bxa6 Rxa6 14. Rb1 b5 15. Qe2 a4 16. e4 dxe4 17. Nxe4 Nxe4 18. Qxe4 Nf6 19. Qe2 Nd5 20. Bg3 Nc3 21. Qd3 Nxb1 22. Rxb1 Qd5 23. Rd1 Rd8 24. Bc7 Rd7 25. Bb6 Bf6 26. Qe3 Ra8 27. Qf4 e5 28. Qf5 e4 29. Qxd5 Rxd5 30. Nh2 Rxd4 31. Re1 Re8 32. Ng4 Bg5 33. f3 e3 34. g3 f5 35. Nh2 e2 36. f4 Bf6 37. Nf3 Rd3 38. Kf2 Rxa3 39. Bc7 Rb3 40. Be5 Rb2 41. Bxf6 gxf6 42. Nd4 Rxb4 43. Nxc6 Rc4 44. Kf3 Rxc5 45. Nd4 Rc3+ 46. Kf2 a3 47. Nxe2 Rce3 48. Kf1 0-1

[Event "Bad Griesbach Seniors op 2nd"]
[Site "Bad Griesbach"]
[Date "1999.11.25"]
[Round "5"]
[White "Voelkel, Gustav"]
[Black "Schmitz, Wilfried"]
[Result "1-0"]
[WhiteElo "1580"]
[BlackElo "1302"]
[PlyCount "45"]
[EventDate "1999.11.21"]
[EventType "swiss"]
[EventRounds "7"]
[EventCountry "GER"]
[SourceTitle "EXT 2007"]
[Source "ChessBase"]
[SourceDate "2006.11.23"]
[SourceVersion "1"]
[SourceVersionDate "2006.11.23"]
[SourceQuality "1"]

1. d4 Nf6 2. Nf3 d5 3. Nbd2 e6 4. e3 c6 5. Bd3 Nbd7 6. 0-0 Be7 7. Re1 0-0 8. b3 c5 9. Bb2 h6 10. Ne5 cxd4 11. exd4 Bd6 12. f4 Nh7 13. Qg4 Ndf6 14. Qh3 a6 15. Re3 Bxe5 16. fxe5 Ne8 17. Rg3 f6 18. Qxh6 f5 19. Nf3 Kh8 20. Qg6 Qe7 21. Rh3 Nef6 22. exf6 gxf6 23. Ba3 1-0